|
|
|
|
| LEADER |
00926nam a22002774a 4500 |
| 001 |
11720 |
| 003 |
BD-DhAAL |
| 005 |
20170420152302.0 |
| 008 |
170421s2000 nyu 001 0 eng |
| 999 |
|
|
|c 38078
|d 38078
|
| 010 |
|
|
|a 00061671
|
| 020 |
|
|
|a 0070486301
|
| 020 |
|
|
|a 0071364307 (acidfree paper)
|
| 040 |
|
|
|a DLC
|c DLC
|d BD-DhAAL
|
| 050 |
0 |
0 |
|a HD57.7
|b .C367 2000
|
| 082 |
0 |
0 |
|a 658.4092
|2 21
|
| 100 |
1 |
|
|a Caroselli, Marlene.
|9 21267
|
| 245 |
1 |
0 |
|a Leadership skills for managers /
|c Marlene Caroselli.
|
| 260 |
|
|
|a New York :
|b McGraw-Hill,
|c c2000 [second reprint 2002]
|
| 300 |
|
|
|a xii, 169 pages :
|b illustrations ;
|c 23 cm.
|
| 490 |
|
|
|a A briefcase book
|
| 500 |
|
|
|a Includes index.
|
| 541 |
|
|
|e 11720
|
| 650 |
|
0 |
|a Leadership.
|9 21268
|
| 942 |
|
|
|2 ddc
|c BK
|
| 952 |
|
|
|0 0
|1 0
|2 ddc
|4 0
|6 658_409200000000000_CAR
|7 0
|9 60427
|a BRACUL
|b BRACUL
|c GEN
|d 2017-04-20
|g 280.00
|l 0
|o 658.4092 CAR
|p 3010011720
|r 2017-04-20
|t 1
|w 2017-04-20
|y BK
|